Matematicko-logické modelovanie v teórii a praxi ´80

Bibliographic Details
Other Authors: Virgovičová, Alžbeta (ini)
Format: Book
Language:Slovak
PhysicalDescription:217 s., 11,488 AH Tb. Sch. 20 cm
Published: Bratislava Dom techniky ČSTVS 1980
Subjects:

MARC

LEADER 00000nam a2200000 a 4500
001 vtls001108786
003 SK-MaSNL
005 20260301055436.0
008 180815s1980 xo a 0 slo
015 |a SNBA1980 
020 |c (260 výtl.) 
035 |a SNK000051628 
040 |a SNK  |b slo  |c SNK  |e AACR2 
044 |a xo  |c SK 
080 |a 519.711(082)  |2 1981 
245 1 |a Matematicko-logické modelovanie v teórii a praxi ´80 
260 |a Bratislava  |b Dom techniky ČSTVS  |c 1980  |e Bratislava  |f Dom techniky ČSVTS 
300 |a 217 s., 11,488 AH  |b Tb. Sch.  |c 20 cm 
500 |a Lit. 50. Čl. aj čes. Vyd. pre účastníkov podujatia a pre služobnú potrebu podnikov. Publ. je predajná iba soc. organizáciam. Rozmn. 50 zázn. lit. o knihách., čl., čas., zbor. a výsk. prácach v jaz. slov., čes. a nem. 
500 |a V D1 nepotlačená str. 44 a 77 
500 |a Zodp. pracovníčka Alžbeta Virgovičová 
650 0 7 |a matematicko-logické modelovanie  |2 SNKPH  |9 114692 
655 7 |a zborníky  |2 SNKPH  |9 70165 
700 1 |a Virgovičová, Alžbeta  |4 ini  |9 279494 
958 |a OND 
958 |a NB 
958 |a RM 
999 |c 613369  |d 615299 
952 |t P60, <03>, [BOOK], {603}  |a SNK  |b SNK  |y PREZ  |7 0  |p 17A0186101  |o snkSC 49891  |i snkKSP 5589/80  |0 0  |1 0  |4 0  |d 1999-04-28  |l 0  |r 2025-10-31 00:00:00  |w 2026-02-23 
952 |t P60, <04>, [BOOK], {604}  |a SNK  |b SNK  |y VYP  |7 0  |p 17A0305426  |o snkSC 49891 D1  |i snkD 990/2001  |0 0  |1 0  |4 0  |d 2001-06-12  |l 0  |r 2004-12-31 00:00:00  |w 2026-02-23